| 000 | 00353nam a2200145Ia 4500 | ||
|---|---|---|---|
| 008 | 191201s2009 xx 000 0 und d | ||
| 082 |
_a005.133 _bPRP |
||
| 100 | _aPratt, Terrance W | ||
| 245 | 0 | _aProgramming Languages | |
| 250 | _aRep | ||
| 260 |
_aN.Delhi _bPearson Education _c2009 |
||
| 300 | _a590 | ||
| 650 | _aB.Tech(CSE) | ||
| 942 |
_2ddc _cBK _0205 |
||
| 999 |
_c5659 _d5659 |
||